Iggy Azalea Quiz - Statistics

General Stats
  • This quiz has been taken 37 times
  • The average score is 5 of 12
Answer Stats
Hint Answer % Correct
What's her most popular song? Fancy
82%
What genres does she sing? hip hop/rap
77%
How old was she when she started singing? 16
55%
What year was she bornin? 1990
55%
What's her most popularalbum? The newclassic
55%
What's her real name? Amethyst AmeliaKelly
41%
What is her height infeet? 5"10
27%
What's her child's name? Onyx Kelly
23%
When is her birthday? June 7th
18%
What are her parents names? Brandon and Tanya Kelly
9%
Where was she born? Sydney, Australia
9%
What are her dogs names? Jelli and bam the punk
5%
No matching quizzes found
Score Distribution
Percent of People with Each Score
Percentile by Number Answered
Your Score History
You have not taken this quiz